000 00562nam a22001931c 4500
001 a987665074
008 100127s1998 gw |||| 000u ger d
041 _ager
245 0 0 _aEisenhüttenstadt :
_bArchitektur, Skulptur ; Stadtbilder; Öffnungen, Gestalt, Ansichten, Erkundungen
264 _aEisenhüttensatdt,
_c1998
300 _a111 S.
650 0 _aArchitektur
651 0 _aEisenhüttenstadt
700 1 _aGericke, Frank
_eHerausgeberIn
710 2 _aStadtverwaltung Eisenhüttenstadt
942 _cMG
040 _cRU-10907106
003 RU-10907106
999 _c27383
_d27383